| 000 | 00874nam a2200277Ia 4500 | ||
|---|---|---|---|
| 001 | Para_7373 | ||
| 003 | CHAP | ||
| 008 | 220125s1978 xx 000 0 und d | ||
| 010 | _a206261 | ||
| 020 | _aM/BAJA | ||
| 040 | _cCHAP | ||
| 082 | _aPA 668.651 K45 | ||
| 100 |
_aKenaga, Eugene E. _963007 |
||
| 245 |
_aComercial and experimental oganic insecticides : _b indexed as to their scientific. Common and trade names. Code designations, uses,... / _c by Eugene E. Kenaga and Robert W. Morgan |
||
| 260 |
_aCollege Park, Md. : _b Entomological Society of America |
||
| 300 | _a79 p. | ||
| 650 |
_aInsecticidas _x anĂ¡lisis _958856 |
||
| 700 |
_aMorgan, Robert W. _978803 |
||
| 901 | _aPA 668.651 K45 | ||
| 902 | _aM | ||
| 905 | _a0000001978 0000000000 00 | ||
| 910 | _a1978 | ||
| 942 | _cPARA | ||
| 942 |
_cPARA _d1 |
||
| 999 |
_c206261 _d206261 |
||